[Event "ICS rated blitz match"]
[Site "204.178.125.65"]
[Date "1999.08.21"]
[Round "?"]
[White "Hossa"]
[Black "matar"]
[Result "1-0"]
[WhiteElo "2417"]
[BlackElo "2262"]
[Annotator "Fritz 5.32 (15s)"]
[PlyCount "79"]

1. e4 1... c5 {Opening = B43 - 5.Nc3} 2. Nf3 e6 3. Nc3 a6 4. d4 cxd4 5. Nxd4
Qc7 6. Nde2 (6. Nb3 b5 7. a3 Bb7 8. Bd3 d6 9. O-O Nd7 10. f4 Ngf6 11. Qf3 Be7
12. Be3 Rc8 13. Rae1 O-O 14. Bc1 d5 15. exd5 Nxd5 16. Qh3 N5f6 17. f5 e5 18. g4
e4 19. g5 exd3 20. Rxe7 Nd5 21. Nxd5 Bxd5 22. g6 hxg6 23. Bf4 Qd8 24. Bg5 Rxc2
25. Rf2 Rxf2 26. Kxf2 Bxb3 27. Qxd3 Nf6 28. Qe2 28... Bc4 {
0-1 Juarez,C-Poch,C/Mar del Plata 1971/MCD (28)}) (6. Qe2 Nf6 7. g3 d6 8. Be3
b5 9. a3 Bb7 10. Qf3 Nbd7 11. Bg2 Be7 12. O-O O-O 13. Qe2 Ne5 14. f4 Nc4 15.
Bc1 Qb6 16. Be3 Nxe3 17. Qxe3 Ng4 18. Qd2 e5 19. Nce2 Nf6 20. Kh1 20... exd4 {
0-1 Moncayo,E-Djingarova,E/Szeged 1994/TD (20)}) 6... Nf6 7. Bg5 $146 (7. Bf4
d6 8. Qd2 Nbd7 9. Rd1 Ne5 10. Ng3 Bd7 11. Bg5 O-O-O 12. Bxf6 gxf6 13. Qd4 Be7
14. f4 Nc6 15. Qf2 Qa5 16. a3 h5 17. Bd3 h4 18. Nf1 f5 19. exf5 d5 20. Qd2 h3
21. g3 Bc5 22. fxe6 Bxe6 23. f5 Nd4 24. Qf4 Bd7 25. Kd2 Nc6 26. Qa4 Qc7 27.
Nxd5 Qd6 28. Nfe3 Nd4 29. Qa5 Bc6 30. Be4 Rhe8 31. Nc4 Qh6+ 32. Kc3 Nb5+ 33.
Kb3 Kb8 34. a4 Nd4+ 35. Ka2 Bxd5 36. Qxc5 Bxe4 37. Rhe1 Qc6 38. Qxc6 Bxc6 39.
c3 Rxe1 40. Rxe1 40... Nxf5 {0-1 Siepenkoetter,A-Robovic,S/Munich 1993/TD (40)}
) 7... b5 8. Bxf6 gxf6 9. Qd4 Be7 10. a3 {Deckt b4} 10... Bb7 11. Rd1 Nc6 12.
Qd2 Ne5 13. Nc1 Rc8 14. f4 Ng6 15. f5 $15 {Weiss gewinnt Raum} (15. N1e2 15...
Rg8 $15) 15... Ne5 {Der Springer ist wirkungsvoll plaziert} 16. N1a2 h5 17. Nb4
h4 18. Be2 $17 (18. h3 Bc5 19. Be2 Bxb4 20. axb4 20... exf5 $17) 18... h3 $15 (
18... Bxb4 19. axb4 exf5 20. exf5 $17) 19. gxh3 $17 {Ueberdeckt g4} (19. g4 a5
20. fxe6 20... fxe6 $19) 19... Rxh3 20. Qd4 $19 (20. Rg1 $5 $17) 20... Rxc3 $15
(20... Bc5 21. Qd2 21... Be3 $17) 21. bxc3 {Verwehrt dem Gegner b4} 21... Qxc3+
22. Qxc3 Rxc3 23. Rg1 Kf8 24. Nd3 24... Rxa3 $15 (24... Bxe4 25. fxe6 dxe6 26.
a4 $17) 25. Nxe5 fxe5 26. Rxd7 Bxe4 27. fxe6 Bb4+ 28. Kf1 {
Mit der Mattdrohung Rxf7} 28... Ra1+ ({Schlechter ist} 28... fxe6 29. Rg4 Re3
30. Ra7 $14) 29. Rd1 Rxd1+ 30. Bxd1 f5 (30... fxe6 $2 {geht nicht} 31. Rg4 Bxc2
32. Bxc2 $18) 31. Rg5 Bd2 32. Rg3 a5 33. Ke2 {
Weiss entwickelt eine toedliche Initiative} 33... Bf4 34. Ra3 a4 35. c4 bxc4
36. Rxa4 36... Bxh2 $4 $18 {wirft den Vorteil weg} (36... Bd3+ $142 {
ist noch spielbar} 37. Kf2 37... Ke7 $15 (37... Bxh2 $4 {
den sollte Schwarz lieber stehen lassen} 38. Ra7 Bg3+ 39. Kxg3 f4+ 40. Kh4 $18)
) 37. Ra7 {Weiss droht stark e7} (37. Rxc4 $6 37... Bd5 38. Rh4 38... Bg1 $11)
37... Bd3+ $4 {Schwarz bricht voellig ein} (37... Bc6 $18 $142) 38. Kf2 {
Droht entscheidend Bh5} 38... e4 (38... Bg3+ {ist der letzte Rettungsanker} 39.
Kxg3 39... Kg8 $18) 39. e7+ Ke8 (39... Kf7 {macht keinen grossen Unterschied}
40. Bh5+ Kf6 41. e8=Q e3+ 42. Qxe3 Be4 43. Qd4+ Kg5 44. Rg7+ Kh4 45. Qf6+ Kh3
46. Bg4+ fxg4 47. Qh6#) 40. Bh5# 1-0

[Event "ICS rated blitz match"]
[Site "204.178.125.65"]
[Date "1999.08.21"]
[Round "?"]
[White "Hossa"]
[Black "matar"]
[Result "1-0"]
[WhiteElo "2435"]
[BlackElo "2244"]
[Annotator "Fritz 5.32 (15s)"]
[PlyCount "41"]

1. e4 1... c5 {Opening = B43 - 5.Nc3} 2. Nf3 e6 3. Nc3 a6 4. d4 cxd4 5. Nxd4
Qc7 6. Nde2 (6. Nb3 b5 7. a3 Bb7 8. Bd3 d6 9. O-O Nd7 10. f4 Ngf6 11. Qf3 Be7
12. Be3 Rc8 13. Rae1 O-O 14. Bc1 d5 15. exd5 Nxd5 16. Qh3 N5f6 17. f5 e5 18. g4
e4 19. g5 exd3 20. Rxe7 Nd5 21. Nxd5 Bxd5 22. g6 hxg6 23. Bf4 Qd8 24. Bg5 Rxc2
25. Rf2 Rxf2 26. Kxf2 Bxb3 27. Qxd3 Nf6 28. Qe2 28... Bc4 {
0-1 Juarez,C-Poch,C/Mar del Plata 1971/MCD (28)}) (6. Qe2 Nf6 7. g3 d6 8. Be3
b5 9. a3 Bb7 10. Qf3 Nbd7 11. Bg2 Be7 12. O-O O-O 13. Qe2 Ne5 14. f4 Nc4 15.
Bc1 Qb6 16. Be3 Nxe3 17. Qxe3 Ng4 18. Qd2 e5 19. Nce2 Nf6 20. Kh1 20... exd4 {
0-1 Moncayo,E-Djingarova,E/Szeged 1994/TD (20)}) 6... Nf6 7. Bg5 $146 (7. Bf4
d6 8. Qd2 Nbd7 9. Rd1 Ne5 10. Ng3 Bd7 11. Bg5 O-O-O 12. Bxf6 gxf6 13. Qd4 Be7
14. f4 Nc6 15. Qf2 Qa5 16. a3 h5 17. Bd3 h4 18. Nf1 f5 19. exf5 d5 20. Qd2 h3
21. g3 21... Bc5 {Siepenkoetter,A-Robovic,S/Munich 1993/TD/0-1 (40)}) 7... b5
8. Bxf6 gxf6 9. a3 {Sichert b4} 9... Bb7 10. Ng3 Nc6 11. Bd3 Ne5 12. O-O h5 (
12... Rc8 13. f4 Bc5+ 14. Kh1 Nxd3 15. Qxd3 $11) 13. Nxh5 Be7 14. Ng7+ $11 (14.
Be2 14... Rd8 $14) 14... Kf8 {Droht Matt} 15. Nh5 f5 16. exf5 16... Bc5 $4 $16
{danach wendet sich das Blatt} (16... Nxd3 $142 {und Schwarz spielt mit} 17.
cxd3 17... Qc6 $17 (17... exf5 $6 18. Ng3 $11)) 17. fxe6 dxe6 18. Be4 Ke7 19.
Bxb7 Qxb7 20. Ng3 Rag8 21. Nce4 (21. Nce4 Qc7 22. Nxc5 Qxc5 23. Qe2 $16) 1-0

[Event "ICS rated blitz match"]
[Site "204.178.125.65"]
[Date "1999.08.21"]
[Round "?"]
[White "matar"]
[Black "Hossa"]
[Result "0-1"]
[WhiteElo "2236"]
[BlackElo "2443"]
[Annotator "Fritz 5.32 (15s)"]
[PlyCount "108"]

1. e4 1... e5 {Opening = C70 - 4.Ba4 ---} 2. Nf3 Nc6 3. Bb5 a6 4. Ba4 b5 5. Bb3
Bb7 6. c3 Nf6 7. d4 (7. d3 h6 8. O-O d6 9. Re1 Be7 10. Nbd2 O-O 11. Nf1 Bc8 12.
Ne3 Be6 13. Bc2 Ng4 14. Nf5 Bxf5 15. exf5 Nf6 16. d4 exd4 17. Nxd4 Nxd4 18.
Qxd4 d5 19. Bf4 Bd6 20. Re2 Bxf4 21. Qxf4 21... Qd7 {
Goedecke,M-Hasivar,G/Bernkastel-Kues 1995/EXT 99/ - (52)}) 7... exd4 $146 (7...
Nxe4 8. dxe5 Qe7 9. Bd5 Nc5 10. O-O O-O-O 11. Re1 h6 12. Nd4 g6 13. f4 Bg7 14.
Be3 f6 15. Bxc6 Bxc6 16. Nxc6 dxc6 17. Qg4+ Kb7 18. Bd4 Nd3 19. Re3 fxe5 20.
fxe5 Nxe5 21. Qe4 Rhe8 22. Nd2 {
Schiffer,K-Mathonia,C/Groningen 1994/EXT 97/1-0 (51)}) 8. e5 Ng4 9. cxd4 Bb4+
10. Nc3 d6 11. Ng5 Nh6 12. e6 12... d5 $18 (12... Bxc3+ 13. bxc3 Qe7 14. O-O
$16) 13. O-O Bxc3 (13... Ne7 14. Qh5 O-O 15. exf7+ Rxf7 16. a3 $18) 14. bxc3 (
14. exf7+ Nxf7 15. Nxf7 Kxf7 16. Qf3+ Ke8 17. Bxd5 Qf6 18. bxc3 Qxf3 19. Bxf3
19... Kd7 $16) 14... O-O 15. Qh5 $16 (15. exf7+ $5 15... Nxf7 16. Ne6 16... Qd7
$18) 15... f5 16. Ba3 Ne7 17. Rae1 c6 18. Re3 18... a5 $18 (18... Rf6 19. Bc2
$16) 19. Bc5 $16 (19. Rh3 19... Rf6 $18) 19... a4 $18 (19... Qe8 20. Nf7 $1 {
nicht am Material kleben ist die Devise} 20... f4 21. Ree1 Nxf7 22. exf7+ Qxf7
23. Qxf7+ Rxf7 24. Bxe7 $18) 20. Bc2 {Weiss erhaelt Koenigsangriff} 20... Qe8
$2 (20... Ba6 $18 $142) 21. Nf7 $1 {Rueckgabe des Materials ist das staerkste}
21... Ng4 $6 {laesst den Kopf haengen} (21... Nxf7 22. exf7+ Qxf7 23. Qxf7+
Rxf7 24. Bxe7 24... f4 $18) 22. Rh3 (22. Rg3 $142 {sichert den Gewinn} 22...
Rxf7 23. exf7+ Qxf7 24. Qxf7+ Kxf7 25. Re1 $18) 22... Nf6 23. Qg5 Rxf7 24.
exf7+ Qxf7 25. Bxe7 Qxe7 26. Bxf5 (26. Qxf5 Bc8 27. Qe5 Qxe5 28. dxe5 Bxh3 29.
exf6 29... Bg4 $15) 26... Qa3 (26... Re8 27. Re3 Qf8 28. Rfe1 Rxe3 29. Qxe3 $18
) 27. Rg3 {Droht Matt} 27... Qe7 28. Re3 {Mit der Mattdrohung Rxe7} 28... Qa3 (
28... Qf8 29. Rfe1 $18) 29. Rfe1 Qf8 30. Re7 Bc8 31. Bxc8 Rxc8 32. h3 (32. Qf5
$5 32... Ne4 33. Qe6+ 33... Kh8 $18) 32... Ne4 33. Qe5 $16 (33. Qg4 $5 $142
33... Qxe7 34. Qxc8+ Qf8 35. Qe6+ Qf7 36. Rxe4 dxe4 37. Qc8+ Qf8 38. Qxc6 g6
39. Qxb5 Qa3 40. Qc4+ 40... Kg7 $18) 33... Qxf2+ 34. Kh1 $4 $17 {
danach kann Weiss alle Traeume begraben} (34. Kh2 Qf6 35. Qxf6 gxf6 36. Re3 $16
) 34... Qxe1+ 35. Kh2 {Es droht Matt} 35... Qg3+ $1 {
die richtige Fortsetzung, um den Vorteil festzuhalten} 36. Qxg3 {
Droht Matt: Qxg7} 36... Nxg3 37. Kxg3 Kf8 38. Rb7 Re8 39. Kf4 $19 (39. Kf2 Re7
40. Rb6 40... Re6 $17) 39... Re2 40. Rb8+ Ke7 41. Rb7+ Kf6 42. Rb6 g5+ 43. Kf3
Re6 44. g4 h6 45. a3 Kf7 46. Rb7+ Kg6 47. Rb6 Rf6+ 48. Kg3 Kf7 49. Rb7+ Ke6 50.
Rb6 $19 (50. Rh7 $5 $17) 50... Kd7 (50... Kd6 51. Rb8 Rf1 52. Rh8 $19) 51. Rb7+
Kd6 52. Rh7 Rg6 53. Ra7 Re6 54. Rc7 $4 $19 {verschlechtert die Stellung weiter}
(54. Kf2 $17 $142) 54... Kxc7 (54... Kxc7 55. Kf2 55... Kd6 $19) 0-1

[Event "ICS rated blitz match"]
[Site "204.178.125.65"]
[Date "1999.08.21"]
[Round "?"]
[White "Hossa"]
[Black "matar"]
[Result "1-0"]
[WhiteElo "2450"]
[BlackElo "2229"]
[Annotator "Fritz 5.32 (15s)"]
[PlyCount "59"]

1. e4 1... c5 {Opening = B43 - 5.Nc3} 2. Nf3 e6 3. Nc3 a6 4. d4 cxd4 5. Nxd4
Qc7 6. Nde2 (6. Nb3 b5 7. a3 Bb7 8. Bd3 d6 9. O-O Nd7 10. f4 Ngf6 11. Qf3 Be7
12. Be3 Rc8 13. Rae1 O-O 14. Bc1 d5 15. exd5 Nxd5 16. Qh3 N5f6 17. f5 e5 18. g4
e4 19. g5 exd3 20. Rxe7 Nd5 21. Nxd5 Bxd5 22. g6 hxg6 23. Bf4 Qd8 24. Bg5 Rxc2
25. Rf2 Rxf2 26. Kxf2 Bxb3 27. Qxd3 Nf6 28. Qe2 28... Bc4 {
0-1 Juarez,C-Poch,C/Mar del Plata 1971/MCD (28)}) (6. Qe2 Nf6 7. g3 d6 8. Be3
b5 9. a3 Bb7 10. Qf3 Nbd7 11. Bg2 Be7 12. O-O O-O 13. Qe2 Ne5 14. f4 Nc4 15.
Bc1 Qb6 16. Be3 Nxe3 17. Qxe3 Ng4 18. Qd2 e5 19. Nce2 Nf6 20. Kh1 20... exd4 {
0-1 Moncayo,E-Djingarova,E/Szeged 1994/TD (20)}) 6... Nf6 7. Bg5 $146 (7. Bf4
d6 8. Qd2 Nbd7 9. Rd1 Ne5 10. Ng3 Bd7 11. Bg5 O-O-O 12. Bxf6 gxf6 13. Qd4 Be7
14. f4 Nc6 15. Qf2 Qa5 16. a3 h5 17. Bd3 h4 18. Nf1 f5 19. exf5 d5 20. Qd2 h3
21. g3 21... Bc5 {Siepenkoetter,A-Robovic,S/Munich 1993/TD/0-1 (40)}) 7... b5
8. Bxf6 gxf6 9. Qd4 Be7 10. a3 {Staerkt b4} 10... Nc6 11. Qd2 Bb7 12. Rd1 Ne5
13. Nc1 h5 14. f4 Nc6 15. Bd3 h4 16. a4 b4 17. N3e2 h3 18. gxh3 Rxh3 19. Ng3
Nd4 20. Qf2 Bc5 21. Qg2 $2 $19 (21. c3 Nf5 22. Qf1 Rxg3 23. hxg3 Nxg3 24. Rh8+
Ke7 25. Qg2 Rxh8 26. Qxg3 $19) 21... Rh8 $15 (21... Qxf4 $142 {
und aller Vorteil laege nun bei Schwarz} 22. Rf1 22... Qh4 $19) 22. Nce2 22...
O-O-O $11 {Sieht riskant aus} (22... f5 23. Rf1 $15) 23. Nxd4 Bxd4 24. Bxa6
Bxb2 25. Bxb7+ Qxb7 26. O-O Kb8 27. Rd6 27... Rc8 $14 (27... Qa7+ 28. Qf2 Qxf2+
29. Rxf2 $11) 28. Rfd1 $11 (28. a5 $5 $14) 28... Rc7 $14 (28... Qa7+ $5 {
ist bedenkenswert} 29. Kh1 29... Qxa4 $15) 29. a5 29... Rhc8 $4 $18 (29... Qa7+
$142 {nur damit konnte man noch auf Rettung hoffen} 30. Kh1 Qxa5 31. Rxd7 31...
e5 $11) 30. Rb6 (30. Rb6 30... Qxb6+ {
ob er will oder nicht, Schwarz muss Material hergeben} 31. axb6 Rxc2 32. Qf3
$18) 1-0

[Event "ICS Rated blitz match"]
[Site "204.178.125.65"]
[Date "1999.08.21"]
[Round "?"]
[White "VESta"]
[Black "Hossa"]
[Result "0-1"]
[WhiteElo "2149"]
[BlackElo "2457"]
[Annotator "Fritz 5.32 (15s)"]
[PlyCount "164"]

1. e4 1... e5 {Opening = C46 - 3.Nc3 ---} 2. Nf3 Nc6 3. Nc3 Bb4 4. g3 4... Bxc3
$146 (4... d6 5. Bg2 Bg4 6. Nd5 Bc5 7. c3 a5 8. d3 Nge7 9. Be3 Bxe3 10. Nxe3
Qd7 11. Nxg4 Qxg4 12. h4 O-O 13. h5 Qd7 14. h6 g6 15. Ng5 d5 16. Qf3 f6 17. Bh3
f5 18. O-O Qd6 19. Qe2 {
Koskinen,H-Christensen,J/Copenhagen 1998/CBM 65 ext/1-0 (43)}) 5. dxc3 {
Ueberdeckt b4+d4} 5... Nge7 6. Bg2 O-O 7. O-O f5 8. c4 $15 (8. exf5 Rxf5 9. Ng5
h6 10. Bxc6 Nxc6 (10... bxc6 $4 11. Ne6 Qe8 12. Nxc7 $18) (10... hxg5 $143 11.
Be4 $18) 11. Qd5+ Kf8 12. Nh7+ 12... Ke7 $15) 8... fxe4 $11 (8... d6 9. Re1 $15
) 9. Ng5 Qe8 10. Nxe4 $15 (10. c5 10... Nf5 $11) 10... d6 {Sichert c5} 11. c3 {
Kontrolliert b4+d4} 11... Be6 12. b3 {Befestigt c4} 12... Qd7 13. a4 Bh3 14.
Ng5 Bxg2 15. Kxg2 Rf5 16. Ne4 Raf8 17. Be3 Qe6 18. a5 Qg6 19. a6 19... b6 {
Kontrolliert c5} 20. f3 Rh5 21. Bg1 Qf5 22. Qe2 Na5 23. Rab1 Qc8 24. b4 Nac6
25. b5 {Weiss erobert Raum} 25... Qh3+ 26. Kh1 Nd8 27. Qg2 Qe6 (27... Qxg2+ 28.
Kxg2 Rhf5 29. Rbe1 $11) 28. Qe2 28... Rhf5 $14 (28... Qg6 $5 $11 {
ist die kritische Fortsetzung}) 29. Rbd1 $11 (29. g4 $5 {
muss unbedingt geprueft werden} 29... Rf4 30. Be3 $14) 29... Qf7 {
Der Druck auf f3 waechst} 30. Kg2 Ne6 31. Be3 Qh5 32. Rf2 R5f7 33. Rdf1 Nf5 34.
Bd2 Qg6 35. Kh1 Re8 36. Rg1 36... Nc5 {Ein gutes Feld fuer den Springer} 37.
Nxc5 $15 (37. Re1 37... Ref8 $11) 37... bxc5 38. Rgf1 38... Nxg3+ $16 (38...
Ref8 $5 $11 {ist nicht von der Hand zu weisen}) 39. hxg3 Qxg3 40. Rg2 Qh3+ 41.
Kg1 Ref8 42. Qe4 $11 (42. Rh2 Qg3+ 43. Kh1 43... Qg6 $16 (43... Rxf3 $4 {
das Schlagen des Bauern ist schlecht} 44. Rg1 $18)) 42... Qe6 $16 (42... Rxf3
43. Rxf3 Qxf3 44. Qxf3 Rxf3 45. Bh6 $14) 43. Qg4 $11 (43. Rg4 $5 $16) 43... Qe7
$16 (43... Qxg4 $5 $142 {kam sehr in Betracht} 44. Rxg4 Rxf3 45. Rxf3 45...
Rxf3 $14) 44. Be3 Kh8 45. Qg5 $11 (45. Rh2 $5 $142 45... Qf6 46. Kg2 $16) 45...
Qd7 $14 (45... Qxg5 $5 {steht zur Diskussion} 46. Bxg5 46... h6 $14) 46. Qg4
$11 (46. Rh2 $5 {sieht spielbar aus} 46... h6 47. Qh5 $14) 46... Qe8 $16 (46...
Qxg4 $5 {ist eine gute Alternative} 47. Rxg4 Rxf3 48. Rxf3 48... Rxf3 $11) 47.
Qg5 $11 (47. Rg3 $5 $16) 47... Qe6 $14 (47... Qd7 48. Rh2 h6 49. Qh5 $14) 48.
Qg4 Qxg4 49. Rxg4 (49. fxg4 $4 49... Rxf1+ 50. Kh2 50... Ra1 $19) 49... Rxf3
50. Rxf3 {Droht Matt: Rxf8} 50... Rxf3 51. Bf2 Rxc3 52. Kg2 52... Rb3 $11 (
52... h5 53. Rh4 g6 54. Be1 $15) 53. Rg5 Kg8 54. Rf5 $17 (54. Be1 $5 54... Ra3
55. Rg3 Ra2+ 56. Kf1 $15) 54... Rc3 55. Rf3 $17 (55. Be1 $5 $142 {
kommt in Betracht} 55... Rxc4 56. Ba5 $15) 55... Rc2 56. Rg3 Rxc4 57. Rg5 (57.
Be1 $142 57... Ra4 58. Kf1 $19) 57... Rb4 (57... h6 {
waere im Gewinnsinne praeziser} 58. Rg6 $19) 58. Rf5 (58. Bxc5 dxc5 59. Rxe5
Rb2+ 60. Kf3 Rxb5 61. Re8+ 61... Kf7 $19) 58... Rb2 59. Kf3 59... Rxb5 {
Schwarz ergreift die Initiative} 60. Bh4 g6 61. Rf6 Ra5 62. Re6 62... Rxa6 {
Vom Freibauern a7 wird noch die Rede sein} 63. Re7 Ra3+ 64. Ke4 (64. Ke2 $19)
64... Ra4+ 65. Kd5 {Schwarz darf nun die Drohung Bf6 nicht uebersehen} 65...
Rxh4 66. Rxc7 Rd4+ 67. Ke6 a5 68. Ra7 h5 69. Kf6 a4 70. Kxg6 {
Mit der Mattdrohung Ra8} 70... Kf8 71. Kf6 (71. Kxh5 {
waere gleichermassen fruchtlos} 71... Ke8 $19) 71... Ke8 72. Ke6 (72. Kf5 {
holt die Kuh nicht vom Eis} 72... h4 $19) 72... Kd8 73. Ra8+ Kc7 74. Rh8 h4 75.
Rh7+ Kb6 76. Rh8 Ka5 77. Ra8+ Kb4 78. Kf5 (78. Rb8+ {
aendert nichts am Ausgang der Partie} 78... Kc3 $19) 78... a3 79. Rb8+ Kc3 80.
Ra8 Kb3 81. Rb8+ Rb4 82. Ra8 a2 (82... a2 83. Ke6 83... Ra4 $19) 0-1

[Event "ICS rated blitz match"]
[Site "204.178.125.65"]
[Date "1999.08.21"]
[Round "?"]
[White "lsat154"]
[Black "Hossa"]
[Result "1-0"]
[WhiteElo "2251"]
[BlackElo "2462"]
[Annotator "Fritz 5.32 (15s)"]
[PlyCount "64"]

1. e4 1... e5 {Opening = C25 - 2.Nc3 ---} 2. Bc4 Bc5 3. Nc3 Nc6 4. Qg4 g6 5.
Qg3 5... Nge7 $146 (5... d6 6. d3 (6. Nf3 h6 (6... Be6 7. Bxe6 fxe6 8. d3 Qf6
9. Bg5 Qf7 10. O-O h6 11. Be3 Bb6 12. Nd2 g5 13. Nc4 Nf6 14. Nb5 Kd7 15. a4 Nh5
16. Qg4 Qg6 17. c3 Nf6 18. Qe2 Bxe3 19. Qxe3 h5 20. f3 h4 21. h3 {
Spielmann,R-Salwe,G/Prague 1908/HCL/0-1 (70)}) 7. d3 Nf6 8. Qh4 Ng4 9. Qxd8+
Nxd8 10. Nd5 Ne6 11. h3 Nxf2 12. Rf1 g5 13. b4 Nxe4 14. dxe4 Bb6 15. a4 c6 16.
Nxb6 axb6 17. Be3 c5 18. a5 cxb4 19. Bxb6 Nf4 20. O-O-O O-O 21. Rxd6 Be6 22.
Nxe5 Bxc4 23. Nxc4 Rac8 24. Ne3 Rfe8 25. Ng4 Re6 26. Nxh6+ Rxh6 27. Rxh6 b3 28.
c3 Rxc3+ 29. Kb2 Ne2 30. Rf2 {1-0 Mieses,J-Cohn,W/Hannover 1902/HCL (30)}) 6...
Nd4 7. Kd1 (7. Bb3 Nxb3 8. axb3 c6 9. Be3 Bxe3 10. fxe3 Nf6 11. Nf3 Nh5 12. Qf2
Be6 13. O-O O-O 14. d4 f6 15. Qh4 a6 16. Rad1 Qe8 17. g4 Ng7 18. g5 f5 19. dxe5
dxe5 20. Nxe5 Qe7 21. Nf3 21... Rad8 {
Kiss,J-Schrottner,H/Graz 1995/EXT 98/1-0 (52)}) 7... Be6 8. Nge2 Bxc4 9. dxc4
Nf6 10. Qh4 Ne6 11. f3 c6 12. Bd2 O-O 13. Na4 Bb6 14. Nxb6 axb6 15. Ke1 d5 16.
Rd1 Nh5 17. Qxd8 Rfxd8 18. cxd5 cxd5 19. exd5 Rxd5 20. Nc3 {
Conquest,S-Dirr,U/Katerini 1992/CBM 32 ext/1-0 (40)}) (5... Nf6 6. Nge2 d6 7.
d3 Nh5 8. Qf3 Qf6 9. Qxf6 Nxf6 10. Bg5 Nh5 11. Nd5 Bb6 12. Ng3 h6 13. Bd2 Ng7
14. a4 Nd4 15. Kd1 c6 16. Nxb6 axb6 17. c3 Nde6 18. Kc2 Kd8 19. b4 Kc7 20. Ne2
{Stripunsky,A-Tolstikh,N/Volgograd 1994/CBM 41/1-0 (42)}) 6. Nf3 6... f6 {
Deckt g5} 7. d3 Nb4 8. Bb3 d6 9. a3 Nbc6 10. Be3 $14 (10. Bh6 Na5 11. Ba4+
11... Kf7 $16) 10... Bxe3 11. fxe3 {Verwehrt dem Gegner d4} 11... f5 $16 (11...
Qd7 $5 $14) 12. O-O $14 (12. Ng5 $5 12... Na5 13. Bf7+ Kf8 14. Ne6+ Bxe6 15.
Bxe6 $18) 12... fxe4 13. dxe4 13... Bd7 $2 $18 (13... Qd7 $5 $16 $142) 14. Ng5
Qc8 15. Bf7+ (15. Qf3 {damit wuerde Weiss es sich noch erleichtern} 15... Nf5
16. exf5 16... Bxf5 $18) 15... Kd8 16. Ba2 Ke8 17. Rf2 $16 (17. Qf3 Nf5 18.
exf5 Bxf5 19. g4 $18) 17... h6 $2 $18 (17... h5 $16 $142) 18. Nf7 Rf8 19. Raf1
(19. Nxh6 $6 19... Rxf2 20. Qxf2 20... Be6 $18) 19... Bf5 20. Nxh6 Rh8 (20...
Kd7 {kann das Vorangegangene nicht ungeschehen machen} 21. exf5 (21. Nxf5 $143
21... gxf5 22. exf5 22... d5 $18) 21... gxf5 22. Qg7 $18 (22. Nxf5 $143 22...
Nxf5 23. Rxf5 Rxf5 24. Rxf5 24... Ne7 $18)) 21. Nf7 (21. exf5 Rxh6 22. fxg6 Nd4
23. Rf8+ Kd7 24. Qg4+ Kc6 25. Rxc8 Rxc8 26. exd4 26... a6 $18) 21... Rh5 22.
exf5 gxf5 (22... Rxf5 {nuetzt auch nichts mehr} 23. Ne4 d5 24. Bxd5 Nxd5 25.
Nfd6+ cxd6 26. Qxg6+ Kd8 27. Rxf5 $18) 23. h4 (23. Qg7 $142 {
und Weiss haette es noch leichter} 23... d5 $18) 23... Qb8 (23... Kf8 {
hilft auch nicht mehr} 24. Ng5 Nd8 25. Nd5 $18) 24. Ng5 (24. Ne4 $1 $142 {
damit wuerde Weiss es sich noch erleichtern} 24... d5 (24... fxe4 $4 25. Nh6
Nd8 26. Qg4 $18) 25. Nxe5 Nxe5 26. Nf6+ Kd8 27. Qxe5 Rxh4 28. Rxf5 28... c6 $18
) 24... Nd8 (24... Rh6 {die letzte Gegenchance} 25. Be6 25... Rf6 $18) 25. Nd5
(25. Nge4 $5 {ginge schneller} 25... Rh6 26. Qg7 fxe4 27. Rf8+ Kd7 28. Qxh6
28... Kc6 $18) 25... Nxd5 26. Bxd5 Rh8 (26... c6 {
haette noch versucht werden koennen} 27. Rxf5 cxd5 28. Rf8+ Kd7 29. Qg4+ Kc6
30. Qxh5 30... Qc7 $18) 27. Rxf5 {Es droht Matt.} 27... c6 28. Bf7+ (28. Ne4
Ne6 29. Bxe6 Qc7 30. Qg6+ Kd8 31. Rf8+ Rxf8 32. Rxf8+ Ke7 33. Qf6#) 28... Kd7
29. Bg6 {Droht Matt} 29... Kc8 (29... Kc7 $18 {
wuerde die Partie noch etwas verlaengern}) 30. h5 (30. Nf7 $142 {
und Weiss ist direkt am Ziel} 30... Qc7 31. Nxh8 31... Kb8 $18) 30... Qc7 31.
Rf6 (31. Nf7 $5 $142 {laesst dem Gegner kaum Chancen} 31... Rg8 32. h6 Re8 33.
Nxd8 33... Rxd8 $18) 31... d5 (31... b5 $18 {
koennte noch eine geringe Chance darstellen}) 32. Qg4+ (32. Nf7 $5 {
erleichterte Weiss die Gewinnfuehrung} 32... d4 33. Nxh8 33... a6 $18) 32...
Kb8 1-0

[Event "ICS rated blitz match"]
[Site "204.178.125.65"]
[Date "1999.08.22"]
[Round "?"]
[White "ComputoJon"]
[Black "Hossa"]
[Result "0-1"]
[WhiteElo "2246"]
[BlackElo "2428"]
[Annotator "Fritz 5.32 (15s)"]
[PlyCount "122"]

1. e4 1... e5 {Opening = C45 - 3.d4 ed4 4.Nd4} 2. Nf3 Nc6 3. d4 exd4 4. Nxd4
Nf6 5. Nxc6 bxc6 6. e5 Qe7 7. Qe2 Nd5 8. c4 Ba6 9. b3 Qh4 10. a3 Bc5 11. g3
Bxf2+ 12. Qxf2 Qe4+ 13. Kd1 Qxh1 14. Nd2 14... Nb6 $17 (14... Nc3+ $5 15. Kc2
Ne4 16. Nxe4 Qxe4+ 17. Bd3 Qxe5 18. Bb2 $19) (14... O-O) 15. Kc2 15... Rb8 $4
$18 {vergibt den Vorteil} (15... Nxc4 16. Bxc4 Bxc4 17. bxc4 17... O-O $18) 16.
Bb2 (16. Be2 Bxc4 17. bxc4 17... O-O $18) 16... Nd5 17. cxd5 $14 (17. Bh3 $5
$142 17... Ne3+ {
fuer Schwarz fuehrt kein Weg daran vorbei, das Material zurueckzugeben} 18.
Qxe3 Qxh2 19. e6 $16) 17... Bxf1 18. Rxf1 Qxd5 19. Qxa7 $11 (19. e6 f6 (19...
Qxe6 $4 20. Re1 $18) 20. exd7+ 20... Kxd7 $11) 19... Rc8 20. Qd4 $11 (20. Nc4
Qe4+ 21. Kc1 21... O-O $14) 20... Qxd4 21. Bxd4 21... O-O $18 (21... Ra8 $5 22.
a4 22... Ke7 $16) 22. Bc5 Rfe8 23. Nc4 Re6 24. Rd1 Rd8 25. a4 (25. Bb4 $5 25...
d5 26. exd6 cxd6 27. Nxd6 27... Re5 $18) 25... f6 26. exf6 gxf6 27. a5 d6 28.
a6 $11 (28. Bd4 $16 $142) 28... Ra8 29. Bd4 Rxa6 30. Kc3 c5 31. Be3 Ra2 32. h4
Kf7 33. Bf4 h5 34. Ne3 Re4 35. Rd2 Rxd2 36. Kxd2 Ke6 37. Kd3 Rb4 38. Kc3 d5 39.
Nc2 d4+ 40. Kb2 Rb7 41. Na3 c6 42. Kc2 Ra7 43. Nc4 43... Rg7 $11 (43... Kd5 44.
Kd3 Rb7 45. Kc2 $15) 44. Kd3 $15 (44. Nd6 Rd7 45. Ne4 45... Ra7 $11) 44... Rb7
45. Kc2 Kd5 46. Nd6 Re7 47. Kd3 f5 48. Nxf5 Rf7 49. Nd6 $4 $19 {
gibt den Vorteil aus der Hand} (49. Nh6 $142 {haette die Niederlage vermieden}
49... Rf8 50. Ke2 $15) 49... Rxf4 50. gxf4 Kxd6 51. b4 $4 {
ein Fehler, doch es war nicht viel zu retten} (51. Ke4 $19 $142) 51... cxb4 52.
Kxd4 b3 (52... c5+ {waere im Gewinnsinne praeziser} 53. Kd3 $19) 53. Kc3 b2 54.
Kxb2 Kd5 55. Kc3 Ke4 56. f5 Kxf5 57. Kd4 Kg4 58. Kc5 Kxh4 59. Kxc6 Kg5 60. Kc5
h4 61. Kc4 h3 (61... h3 62. Kd5 h2 63. Ke5 h1=Q 64. Kd6 Qd1+ 65. Kc5 Qa4 66.
Kd5 Kf6 67. Kc5 Ke5 68. Kb6 Kd6 69. Kb7 Qb3+ 70. Ka6 Kc6 71. Ka7 Qb7#) 0-1